<?xml version="1.0" encoding="UTF-8"?>
<record
    xmlns:xsi="http://www.w3.org/2001/XMLSchema-instance"
    xsi:schemaLocation="http://www.loc.gov/MARC21/slim http://www.loc.gov/standards/marcxml/schema/MARC21slim.xsd"
    xmlns="http://www.loc.gov/MARC21/slim">

  <leader>00588nam a22001697a 4500</leader>
  <controlfield tag="008">110408t        mx||||| |||| 00| 0 spa d</controlfield>
  <datafield tag="020" ind1=" " ind2=" ">
    <subfield code="a">9682474485</subfield>
  </datafield>
  <datafield tag="050" ind1="0" ind2="4">
    <subfield code="a">LB 1025 .3 </subfield>
    <subfield code="b">G88 2006 </subfield>
  </datafield>
  <datafield tag="100" ind1="1" ind2=" ">
    <subfield code="a">Guti&#xE9;rrez V&#xE1;zquez, Juan Manuel. </subfield>
  </datafield>
  <datafield tag="245" ind1="1" ind2="0">
    <subfield code="a">Aprendiendo a ense&#xF1;ar y ense&#xF1;ando a aprender</subfield>
    <subfield code="c"> /  Juan Manuel Guti&#xE9;rrez V&#xE1;zquez </subfield>
  </datafield>
  <datafield tag="250" ind1=" " ind2=" ">
    <subfield code="a">3a ed. </subfield>
  </datafield>
  <datafield tag="260" ind1=" " ind2=" ">
    <subfield code="a">M&#xE9;xico : ,</subfield>
    <subfield code="b">Trillas,</subfield>
    <subfield code="c">c 2006 </subfield>
  </datafield>
  <datafield tag="300" ind1=" " ind2=" ">
    <subfield code="a">105 p. :</subfield>
    <subfield code="b">il. </subfield>
    <subfield code="c">21 cm.</subfield>
  </datafield>
  <datafield tag="504" ind1=" " ind2=" ">
    <subfield code="a">Incluye :  &#xED;ndice </subfield>
    <subfield code="b">p.101-105</subfield>
  </datafield>
  <datafield tag="650" ind1=" " ind2="7">
    <subfield code="2">Lemb</subfield>
    <subfield code="a">Ciencia -- Estudio y ense&#xF1;anza </subfield>
    <subfield code="x">Planificaci&#xF3;n curricular </subfield>
  </datafield>
  <datafield tag="942" ind1=" " ind2=" ">
    <subfield code="2">ddc</subfield>
    <subfield code="c">LIB</subfield>
  </datafield>
  <datafield tag="999" ind1=" " ind2=" ">
    <subfield code="c">8040</subfield>
    <subfield code="d">8040</subfield>
  </datafield>
  <datafield tag="952" ind1=" " ind2=" ">
    <subfield code="1">0</subfield>
    <subfield code="2">lcc</subfield>
    <subfield code="4">0</subfield>
    <subfield code="7">0</subfield>
    <subfield code="a">LIC-047</subfield>
    <subfield code="b">LIC-047</subfield>
    <subfield code="c">GENERAL</subfield>
    <subfield code="d">2011-04-08</subfield>
    <subfield code="e">Donaci&#xF3;n</subfield>
    <subfield code="h">BFP000005104</subfield>
    <subfield code="i">Ciencias de la salud</subfield>
    <subfield code="k">Ciencias de la salud</subfield>
    <subfield code="l">1</subfield>
    <subfield code="o">LB 1025 .3 G88 2006 </subfield>
    <subfield code="p">BFP000005104</subfield>
    <subfield code="r">2022-03-10 00:00:00</subfield>
    <subfield code="s">2022-03-07</subfield>
    <subfield code="t">C:1</subfield>
    <subfield code="y">LIB</subfield>
  </datafield>
  <datafield tag="952" ind1=" " ind2=" ">
    <subfield code="1">0</subfield>
    <subfield code="2">lcc</subfield>
    <subfield code="4">0</subfield>
    <subfield code="7">0</subfield>
    <subfield code="a">INV-055</subfield>
    <subfield code="b">INV-055</subfield>
    <subfield code="c">GENERAL</subfield>
    <subfield code="d">2015-11-12</subfield>
    <subfield code="f">3a ed.</subfield>
    <subfield code="i">CEA</subfield>
    <subfield code="k">CSA</subfield>
    <subfield code="o">LB 1025 .3 G88 2006</subfield>
    <subfield code="p">IIE000003927</subfield>
    <subfield code="r">2015-11-12 00:00:00</subfield>
    <subfield code="t">C:1</subfield>
    <subfield code="y">LIB</subfield>
  </datafield>
  <datafield tag="952" ind1=" " ind2=" ">
    <subfield code="1">0</subfield>
    <subfield code="2">lcc</subfield>
    <subfield code="4">0</subfield>
    <subfield code="7">0</subfield>
    <subfield code="a">LIC-028</subfield>
    <subfield code="b">LIC-028</subfield>
    <subfield code="c">GENERAL</subfield>
    <subfield code="d">2016-08-11</subfield>
    <subfield code="f">3a. ed.</subfield>
    <subfield code="i">CS</subfield>
    <subfield code="k">EH</subfield>
    <subfield code="o">LB1025.3 G88 2006</subfield>
    <subfield code="p">BFO000002679</subfield>
    <subfield code="r">2016-08-11 00:00:00</subfield>
    <subfield code="t">C:1</subfield>
    <subfield code="y">LIB</subfield>
  </datafield>
</record>
